Name the Lead Guitarist - Statistics

General Stats
  • This quiz has been taken 73 times
  • The average score is 11 of 20
Answer Stats
Hint Answer % Correct
Guns N' Roses Slash
92%
Nirvana Kurt Cobain
89%
Van Halen Eddie Van Halen
87%
Led Zeppelin Jimmy Page
81%
Cream Eric Clapton
79%
The Rolling Stones Keith Richards
73%
AC/DC Angus Young
71%
U2 The Edge
66%
Black Sabbath Tony Iommi
61%
Dire Straits Mark Knopfler
60%
Pink Floyd David Gilmour
56%
Rage against the Machine Tom Morello
56%
Aerosmith Joe Perry
55%
Fleetwood Mac Lindsey Buckingham
45%
Mötley Crüe Mick Mars
32%
Black Label Society Zakk Wylde
27%
Polyphia Tim Henson
26%
Extreme Nuno Bettencourt
19%
Poison C.C. DeVille
11%
Mr. Big Paul Gilbert
10%
No matching quizzes found
Score Distribution
Percent of People with Each Score
Percentile by Number Answered
Your Score History
You have not taken this quiz